Music Quiz

Random Music or Blitz Quiz
Score 0/15 Timer 00:15
21 Plays Today
% Correct
Guitar
84.5%
Piano
84.4%
Violin
84.2%
Trumpet
84.1%
Flute
83.7%
Cello
83%
Drum
82.8%
Clarinet
82.7%
% Correct
Harp
81.1%
Harmonica
81.1%
Xylophone
80.1%
Tambourine
79.7%
Oboe
78.8%
Accordion
77.4%
Organ
76.9%
Remove Ads.
Support Sporcle.
Get the best of Sporcle when you Go Orange. This ad-free experience offers more features, more stats, and more fun while also helping to support Sporcle. Thank you for becoming a member.

You're not logged in!

Compare scores with friends on all Sporcle quizzes.
OR
Log In

Show Comments

Extras

Top Quizzes Today


Score Distribution

Your Account Isn't Verified!

In order to create a playlist on Sporcle, you need to verify the email address you used during registration. Go to your Sporcle Settings to finish the process.

Report this User

Report this user for behavior that violates our Community Guidelines.

Details: